30 villes les plus peuplées des USA - Statistiques

Statistiques générales
  • Ce quiz a été pris 332 fois
  • Le résultat moyen est 16 sur 30
Statistiques - réponses
Réponse % Correct
New York
99%
Los Angeles
96%
Chicago
93%
Boston
83%
San Francisco
80%
Washington
80%
Seattle
75%
Las Vegas
74%
Houston
70%
Dallas
69%
Philadelphie
65%
Denver
64%
Detroit
63%
San Diego
58%
Phoenix
54%
San Antonio
53%
Charlotte
46%
Portland
41%
Indianapolis
40%
Memphis
33%
Jacksonville
32%
Nashville
31%
Oklahoma City
31%
Baltimore
26%
San José
26%
Fort Worth
18%
El Paso
16%
Louisville
16%
Columbus
15%
Austine
4%
Aucun quiz correspondant
Distribution des résultats
% des personnes avec chaque résultat
Percentile par nombre de réponses
Votre historique - résultats
Vous n’avez pas pris ce quiz